| 000 | 00383nam a2200133Ia 4500 | ||
|---|---|---|---|
| 008 | 220217s9999||||xx |||||||||||||| ||und|| | ||
| 020 | _a9788121919050 | ||
| 082 | _a658.311 AGG | ||
| 100 | _aAggarwal, R.S | ||
| 245 | 0 | _aModern approach to logical resoning | |
| 260 |
_aS. Chand and company Ltd. _bNew Delhi _c2011 |
||
| 300 |
_a224p. _b140 |
||
| 650 | _aEXAM BOOKS/GRE/CAT/GATE | ||
| 999 |
_c183347 _d183347 |
||